000 00993nam a2200289 i 4500
001 bg
003 BPK
005 20200518083819.0
008 010925s2001 pl |001 0 pol
015 _aPB 2001/16706
020 _a8371108559
040 _aWA N
_cBPK
080 _a347.72(438)
080 _a(094.4.07)
245 0 0 _aKodeks spółek handlowych :
_bkomentarz z orzecznictwem /
_cJanusz A. Strzępka [et al. ; pod red. J. A. Strzępki].
246 1 8 _aKSH :
_bkomentarz, orzecznictwo.
260 _aWarszawa :
_bC. H. Beck,
_c2001.
300 _aXVI, 1351 s. ;
_c21 cm.
490 1 _aKomentarze Becka.
504 _aBibliogr., także przy rozdz. - Indeks.
650 4 _aSpółki handlowe
_xprawo
_zPolska.
710 2 _aWydawnictwo C.H. Beck.
_4pbl.
700 1 _aStrzępka, Janusz.
_eAutor
856 _uhttp://koha.tu.koszalin.pl/cgi-bin/koha/opac-detail.pl?biblionumber=40437
_yKatalog online BPK
830 0 _aKomentarze Becka
942 _2UKD
_cKS
999 _c40437
_d40437